Statistics for Slayer Albums Tile Select

Click here to take the quiz!

General Stats

  • This quiz has been taken 17 times
  • The average score is 37 of 45

Answer Stats

QuestionTileSelect% Correct
the followings songs that are on Show No Mercy (1983).At Dawn They SleepNo
100%
the followings songs that are on Seasons in the Abyss (1990).Fictional RealityNo
100%
the followings songs that are on Seasons in the Abyss (1990).GeminiNo
100%
the followings songs that are on Reign in Blood (1986).Angel of DeathYes
94%
the followings songs that are on South of Heaven (1988).Behind the Crooked CrossYes
94%
the followings songs that are on Show No Mercy (1983).Black MagicYes
94%
the followings songs that are on Seasons in the Abyss (1990).Blood RedYes
94%
the followings songs that are on Reign in Blood (1986).Hardening of the ArteriesNo
94%
the followings songs that are on Seasons in the Abyss (1990).Live UndeadNo
94%
the followings songs that are on South of Heaven (1988).Mandatory SuicideYes
94%
the followings songs that are on Seasons in the Abyss (1990).Serenity in MurderNo
94%
the followings songs that are on Reign in Blood (1986).Spill the BloodNo
94%
the followings songs that are on Show No Mercy (1983).The AntichristYes
94%
the followings songs that are on Divine Intervention (1994).Born of FireNo
88%
the followings songs that are on Reign in Blood (1986).Criminally InsaneYes
88%
the followings songs that are on Show No Mercy (1983).Crypts of EternityNo
88%
the followings songs that are on Seasons in the Abyss (1990).Dead Skin MaskYes
88%
the followings songs that are on South of Heaven (1988).EpidemicNo
88%
the followings songs that are on Show No Mercy (1983).Evil Has No BoundariesYes
88%
the followings songs that are on Reign in Blood (1986).Jesus SavesYes
88%
the followings songs that are on Show No Mercy (1983).Kill AgainNo
88%
the followings songs that are on South of Heaven (1988).Piece by PieceNo
88%
the followings songs that are on Show No Mercy (1983).Praise of DeathNo
88%
the followings songs that are on Reign in Blood (1986).Raining BloodYes
88%
the followings songs that are on Seasons in the Abyss (1990).War EnsembleYes
88%
the followings songs that are on Divine Intervention (1994).Expendable YouthNo
82%
the followings songs that are on Reign in Blood (1986).NecrophiliacNo
82%
the followings songs that are on South of Heaven (1988).PostmortemNo
82%
the followings songs that are on South of Heaven (1988).RebornNo
82%
the followings songs that are on South of Heaven (1988).Silent ScreamYes
82%
the followings songs that are on Show No Mercy (1983).TormentorYes
82%
the followings songs that are on Divine Intervention (1994).213Yes
76%
the followings songs that are on Reign in Blood (1986).Altar of SacrificeYes
76%
the followings songs that are on Divine Intervention (1994).DittoheadYes
76%
the followings songs that are on Divine Intervention (1994).Skeletons of SocietyNo
76%
the followings songs that are on Seasons in the Abyss (1990).Spirit in BlackYes
76%
the followings songs that are on Show No Mercy (1983).Fight till DeathYes
71%
the followings songs that are on Seasons in the Abyss (1990).Ghosts of WarNo
71%
the followings songs that are on Divine Intervention (1994).Killing FieldsYes
71%
the followings songs that are on Divine Intervention (1994).Hallowed PointNo
65%
the followings songs that are on Reign in Blood (1986).NecrophobicYes
65%
the followings songs that are on South of Heaven (1988).Cleanse the SoulYes
59%
the followings songs that are on South of Heaven (1988).Read Between the LiesYes
59%
the followings songs that are on Divine Intervention (1994).Circle of BeliefsYes
53%
the followings songs that are on Divine Intervention (1994).Mind ControlYes
53%

Score Distribution

Percentile by Number Answered

Percent of People with Each Score

Your Score History

You have not taken this quiz